Politics in leadership : a comparative perspective
Αποθηκεύτηκε σε:
| Άλλοι συγγραφείς: | , |
|---|---|
| Μορφή: | Βιβλίο |
| Γλώσσα: | English |
| Δημοσίευση: |
Oxford :
Clarendon ,
1979
|
| Θέματα: | |
| Ετικέτες: |
Προσθήκη ετικέτας
Δεν υπάρχουν, Καταχωρήστε ετικέτα πρώτοι!
|
MARC
| LEADER | 00000cam a2200000 i 4500 | ||
|---|---|---|---|
| 001 | 1/82046 | ||
| 008 | 970220s1979 eng d | ||
| 020 | |a 0-19-823193-8 | ||
| 035 | |l 10005422 | ||
| 040 | |a GR-MY-UA |b gre |e aacr | ||
| 041 | 0 | |a eng | |
| 082 | 0 | |a 301.592 | |
| 245 | 1 | 0 | |a Politics in leadership : |b a comparative perspective / |c edited by William A. Shack and Percy S. Cohen |
| 260 | |a Oxford : |b Clarendon , |c 1979 | ||
| 300 | |a xii, 296 p.; |c 23 cm | ||
| 500 | |a A collection of essays written in honour of I. Schapera | ||
| 504 | |a Includes bibliographical references and indexes | ||
| 650 | 0 | 0 | |a Tribes. |
| 650 | 0 | 0 | |a Leadership. |
| 650 | 0 | 0 | |a Comparative government. |
| 650 | 0 | 0 | |a Speeches, addresses, etc. |
| 651 | 0 | |a Developing countries |x Politics and government. | |
| 700 | 1 | |a Shack, William A. |4 edt | |
| 700 | 1 | |a Cohen, Percy S. |4 edt | |
| 852 | |a INST |b LESVOS |e 19970220 |h 301.592 POL |p 005100011985 |q 005100011985 |t BK |y 0 | ||
| 852 | |a INST |b LESVOS |e 19970220 |h 301.592 POL |p 005100011986 |q 005100011986 |t BK |y 0 | ||
| 909 | |a Λ |b 007018 | ||
| 909 | |a Λ |b 007396 | ||